| 000 | 00856nam a2200229 a 4500 | ||
|---|---|---|---|
| 003 | CBULib | ||
| 005 | 20240806143059.0 | ||
| 008 | 160429s2015 ||||||||||||||||| || u | ||
| 040 |
_aCBULib _bEnglish _cCBULib _dCBULib _erda |
||
| 050 | _aUNECE(02)2015/10 | ||
| 245 | 0 | 0 |
_aPathways To Sustainable Energy: exploring alternative outcomes _cby United nations economic commission for Europe |
| 260 |
_aGeneva: _c2015 _bUnited Nations |
||
| 300 | _a18pages.: illustrations | ||
| 336 |
_2rdacontent _aText | _btxt |
||
| 337 |
_2rdamedia _aUnmediated | _bn |
||
| 338 |
_2rdacarrier _aVolume _bnc |
||
| 650 | 0 |
_aARCHITECTURE AND ENERGY CONSERVATION--EUROPE _92514 |
|
| 650 | 0 |
_aBUILDINGS--ENERGY CONSUMPTION _92946 |
|
| 650 | 0 |
_aSUSTAINABLE DEVELOPMENT--ENVIRONMENTAL ASPECTS _92492 |
|
| 942 |
_2mc _c029 |
||
| 999 |
_c53197 _d53197 |
||